Platicas predicadas (Record no. 8548)

MARC details
000 -CABECERA
campo de control de longitud fija 00896nam a2200241 a 4500
001 - NÚMERO DE CONTROL
campo de control BRCA_8897
005 - FECHA Y HORA DE LA ÚLTIMA TRANSACCIÓN
campo de control 20190320210442.0
008 - DATOS DE LONGITUD FIJA--INFORMACIÓN GENERAL
campo de control de longitud fija 160617s1775----sp-#######---#000-0#spa-#
041 ## - CÓDIGO DE LENGUA
Código de lengua del texto/banda sonora o título independiente spa
044 ## - CÓDIGO DEL PAÍS DE LA ENTIDAD EDITORA/PRODUCTORA
Código MARC del país sp
084 ## - OTRO NÚMERO DE CLASIFICACIÓN
Número de clasificación CO60
Número de documento/Ítem .G35 1775
100 1# - ENTRADA PRINCIPAL--NOMBRE DE PERSONA
Nombre de persona Gallo y Fuentes, Nicolas
Fechas asociadas al nombre 1690 - 1757
9 (RLIN) 21705
245 10 - MENCIÓN DE TÍTULO
Título Platicas predicadas
Mención de responsabilidad, etc. por el P. D. Nicolas Gallo y Fuentes; las da a luz Don Francisco Ignacio de Cortines...
260 ## - PUBLICACIÓN, DISTRIBUCIÓN, ETC.
Lugar de publicación, distribución, etc. Madrid
Nombre del editor, distribuidor, etc. En la Oficina de D. Manuel Martin, calle de la Cruz, donde se hallará
Fecha de publicación, distribución, etc. 1775
300 ## - DESCRIPCIÓN FÍSICA
Extensión [6], 374 p. (t.4)
Dimensiones 21 x 14.5 cm.
500 ## - NOTA GENERAL
Nota general Con las licencias necesarias
500 ## - NOTA GENERAL
Nota general Estado físico: presenta encuadernación en pergamino, con hojas manchadas
650 14 - PUNTO DE ACCESO ADICIONAL DE MATERIA--TÉRMINO DE MATERIA
Término de materia o nombre geográfico como elemento de entrada Teología pastoral
Subdivisión cronológica S. XVIII
9 (RLIN) 21706
700 1# - PUNTO DE ACCESO ADICIONAL--NOMBRE DE PERSONA
Nombre de persona Manuel Martin
Término indicativo de función/relación Impresor
9 (RLIN) 22137
700 1# - PUNTO DE ACCESO ADICIONAL--NOMBRE DE PERSONA
Nombre de persona Cortines, Francisco Ignacio de
9 (RLIN) 21707
902 ## - CATALOGADOR
Iniciales CFM
942 ## - ELEMENTOS DE PUNTO DE ACCESO ADICIONAL (KOHA)
Fuente del sistema de clasificación o colocación Library of Congress Classification
Tipo de ítem Koha Libros
Holdings
Estado de retiro Estado de pérdida Estado dañado No para préstamo Localización permanente Ubicación/localización actual Fecha de adquisición Total de préstamos Signatura topográfica completa Código de barras Fecha visto por última vez Precio válido a partir de Tipo de ítem Koha
El ejemplar forma parte de la colección y puede ser consultado según las políticas vigentes.       Biblioteca del Museo Franz Mayer (Rogerio Casas-Alatriste) Biblioteca del Museo Franz Mayer (Rogerio Casas-Alatriste) 16/06/2017   CO60 .G35 1775 CFM00220 22/03/2019 22/03/2019 Libros